000 01343nam a2200217Ia 4500
003 Ost
005 20260507075729.0
008 260507s9999||||xx |||||||||||||| ||und||
020 _a955160977
040 _cfsecg
041 _aara
082 _a5.74
100 _aبن يونس، عمر محمد
_eمؤلف
245 0 _aمشكلة قواعد البيانات /
_c عمر محمد بن يونس
260 _aالاسكندرية:
_bدار الفكر الجامعي,
_c2003
300 _a202 صفحة؛
_c24 سم
504 _aبيبليوغرافيا : ص.193 ؛ الملاحق ص. 115
520 _aقيام الفكر الموسوعي العربي ، الثقافة العربية في العالم الافتراضي ، التعريف بموسوعة التشريعات العربية ، الفكر الموسوعي العربي ،مشكلة قواعد البيانات ، تدويل مشكلة قواعد البيانات ، تحديد العلاقة بين الفهرسة وقواعد البيانات ، الثبات والحركة رؤيا الفكر الغربي لفلسفة قواعد البيانات ، معادلة الكم والكيف الشفافية في معادلة الكم والكيف ، مواضيع المعيار الزمني من هنا نبدأ .
653 _aقواعد بيانات
942 _cكتاب
999 _c46011
_d46011